00585nam a2200193Ia 4500003000900000005001700009008003700026040003300063041000800096080001300104245007900117250001900196260004000215300001900255650007900274650001500353650001100368650001200379LK-CoDNM20240927100020.0010623t xxu||||| |||| 00| 1 eng d aLK-CoDNMdLK-CoDNMeLK-CoDNM aeng a24 bG46 aThe Ceylon Roll of Honour and Record of Service in the Great War 1914-1918 aFIRST EDITION  bTimes of CeylonaColomboc1914-1918 b138p. : 22 cm aThe Ceylon Roll of Honour and Record of Service in the Great War 1914-1918 aDICTIONARY a24 G46 aENGLISH